[Event "DEM U14w 2018"]
[Site "Willingen GER"]
[Date "2018.05.24"]
[Round "7"]
[White "Ricken, Katharina"]
[Black "Rudolph, Eva"]
[Result "1/2-1/2"]
[Termination "normal"]
[Board "3"]
[WhiteElo "1798"]
[BlackElo "1760"]
[WhiteClock "00:07:16"]
[BlackClock "00:02:13"]
[PlyCount "49"]
[WhiteFideId "16207017"]
[BlackFideId "16200594"]
[EventCountry "GER"]
[EventRounds "9"]
[EventType "swiss"]
[EventDate "2018.05.19"]

1. Nf3 {[%clk 1:30:59]} 1... d5 {[%clk 1:30:53]} 2. g3 {[%clk 1:31:25]} 2...
Bg4 {[%clk 1:31:13]} 3. Bg2 {[%clk 1:31:49]} 3... Nc6 {[%clk 1:31:34]} 4. d4 {
[%clk 1:32:12]} 4... Qd7 {[%clk 1:31:34]} 5. h3 {[%clk 1:32:12]} 5... Bf5 {
[%clk 1:22:16]} 6. c4 {[%clk 1:29:54]} 6... e6 {[%clk 1:03:17]} 7. Nc3 { [%clk
1:22:10]} 7... O-O-O {[%clk 1:00:08]} 8. c5 {[%clk 1:17:55]} 8... f6 { [%clk
0:55:48]} 9. a3 {[%clk 1:11:26]} 9... e5 {[%clk 0:48:55]} 10. b4 { [%clk
1:06:52]} 10... Be4 {[%clk 0:44:20]} 11. dxe5 {[%clk 0:55:15]} 11... Nxe5
{[%clk 0:26:22]} 12. Nxe5 {[%clk 0:47:31]} 12... fxe5 {[%clk 0:26:26]} 13. Nxe4
{[%clk 0:47:10]} 13... dxe4 {[%clk 0:26:41]} 14. Qxd7+ {[%clk 0:47:30]} 14...
Rxd7 {[%clk 0:26:17]} 15. Bxe4 {[%clk 0:47:24]} 15... g6 {[%clk 0:21:48]} 16.
Bb2 {[%clk 0:45:48]} 16... Bg7 {[%clk 0:21:50]} 17. Bf3 {[%clk 0:37:40]} 17...
Nh6 {[%clk 0:20:34]} 18. Rd1 {[%clk 0:31:07]} 18... Rhd8 {[%clk 0:16:23]} 19.
Rxd7 {[%clk 0:28:03]} 19... Rxd7 {[%clk 0:16:42]} 20. Bg4 {[%clk 0:27:30]}
20... Nxg4 {[%clk 0:16:44]} 21. hxg4 {[%clk 0:27:58]} 21... h6 {[%clk 0:15:44]}
22. e3 {[%clk 0:22:42]} 22... Rd3 {[%clk 0:03:42]} 23. Ke2 {[%clk 0:14:17]}
23... Rb3 {[%clk 0:03:49]} 24. Bc1 {[%clk 0:14:04]} 24... a5 {[%clk 0:02:13]}
25. Bd2 {[%clk 0:07:16]} 1/2-1/2

[Event "DEM U14w 2018"]
[Site "Willingen GER"]
[Date "2018.05.24"]
[Round "7"]
[White "Schnabel, Luise"]
[Black "Schneider, Katharina"]
[Result "1-0"]
[Termination "normal"]
[Board "4"]
[WhiteElo "1717"]
[BlackElo "1667"]
[WhiteClock "00:10:44"]
[BlackClock "00:09:32"]
[PlyCount "139"]
[WhiteFideId "12943347"]
[BlackFideId "16200519"]
[EventCountry "GER"]
[EventRounds "9"]
[EventType "swiss"]
[EventDate "2018.05.19"]

1. e4 {[%clk 1:30:56]} 1... e5 {[%clk 1:30:56]} 2. Nf3 {[%clk 1:31:13]} 2...
Nc6 {[%clk 1:31:19]} 3. Bb5 {[%clk 1:31:35]} 3... a6 {[%clk 1:31:42]} 4. Bxc6 {
[%clk 1:31:57]} 4... dxc6 {[%clk 1:32:00]} 5. O-O {[%clk 1:32:16]} 5... f6 {
[%clk 1:32:11]} 6. d4 {[%clk 1:32:30]} 6... exd4 {[%clk 1:32:03]} 7. Nxd4 {
[%clk 1:32:47]} 7... c5 {[%clk 1:31:39]} 8. Nb3 {[%clk 1:32:35]} 8... Qxd1 {
[%clk 1:31:01]} 9. Rxd1 {[%clk 1:33:02]} 9... Bg4 {[%clk 1:30:29]} 10. f3 {
[%clk 1:33:23]} 10... Be6 {[%clk 1:30:45]} 11. Bf4 {[%clk 1:29:51]} 11... c4 {
[%clk 1:28:52]} 12. N3d2 {[%clk 1:18:22]} 12... O-O-O {[%clk 1:20:01]} 13. Nc3
{[%clk 1:15:12]} 13... Ne7 {[%clk 1:06:46]} 14. Nf1 {[%clk 1:08:37]} 14... Rxd1
{[%clk 0:59:11]} 15. Rxd1 {[%clk 1:08:49]} 15... Ng6 {[%clk 0:58:37]} 16. Bg3 {
[%clk 1:03:33]} 16... Ne5 {[%clk 0:41:23]} 17. Ne3 {[%clk 0:52:34]} 17... Nd7 {
[%clk 0:26:56]} 18. Ncd5 {[%clk 0:42:07]} 18... c6 {[%clk 0:20:06]} 19. Nf4 {
[%clk 0:39:28]} 19... Bf7 {[%clk 0:20:27]} 20. Nf5 {[%clk 0:36:08]} 20... g5 {
[%clk 0:18:22]} 21. Ne2 {[%clk 0:32:09]} 21... Bc5+ {[%clk 0:12:58]} 22. Kf1 {
[%clk 0:30:43]} 22... Ne5 {[%clk 0:09:44]} 23. Nd6+ {[%clk 0:27:33]} 23... Bxd6
{[%clk 0:10:11]} 24. Rxd6 {[%clk 0:27:54]} 24... Nd7 {[%clk 0:10:27]} 25. Nd4 {
[%clk 0:27:08]} 25... h5 {[%clk 0:10:07]} 26. h3 {[%clk 0:20:54]} 26... h4 {
[%clk 0:10:21]} 27. Bh2 {[%clk 0:20:47]} 27... Re8 {[%clk 0:09:32]} 28. a4 {
[%clk 0:15:35]} 28... c5 {[%clk 0:09:12]} 29. Nf5 {[%clk 0:14:37]} 29... Re6 {
[%clk 0:08:43]} 30. Rd1 {[%clk 0:13:00]} 30... Bg8 {[%clk 0:05:54]} 31. Nd6+ {
[%clk 0:12:49]} 31... Kc7 {[%clk 0:04:28]} 32. Nxc4+ {[%clk 0:06:07]} 32... Kd8
{[%clk 0:03:41]} 33. Rd6 {[%clk 0:01:46]} 33... Rxd6 {[%clk 0:03:25]} 34. Nxd6
{[%clk 0:02:14]} 34... b6 {[%clk 0:03:35]} 35. Ke2 {[%clk 0:01:53]} 35... Ne5 {
[%clk 0:03:23]} 36. Bxe5 {[%clk 0:01:13]} 36... fxe5 {[%clk 0:03:49]} 37. b3 {
[%clk 0:00:57]} 37... Kd7 {[%clk 0:03:29]} 38. Nf5 {[%clk 0:01:21]} 38... b5 {
[%clk 0:03:21]} 39. axb5 {[%clk 0:01:21]} 39... axb5 {[%clk 0:03:47]} 40. Kd3 {
[%clk 0:00:53]} 40... b4 {[%clk 0:00:58]} 41. Ne3 {[%clk 0:19:41]} 41... Kd6 {
[%clk 0:19:56]} 42. Ng4 {[%clk 0:18:03]} 42... Be6 {[%clk 0:16:09]} 43. Nf6 {
[%clk 0:15:30]} 43... Kc6 {[%clk 0:11:26]} 44. c4 {[%clk 0:08:30]} 44... bxc3 {
[%clk 0:10:10]} 45. Kxc3 {[%clk 0:08:36]} 45... Kb5 {[%clk 0:09:59]} 46. Nh7 {
[%clk 0:08:29]} 46... c4 {[%clk 0:09:15]} 47. b4 {[%clk 0:08:14]} 47... Bg8 {
[%clk 0:08:49]} 48. Nxg5 {[%clk 0:08:16]} 48... Kc6 {[%clk 0:08:44]} 49. f4 {
[%clk 0:06:54]} 49... exf4 {[%clk 0:08:46]} 50. Nf3 {[%clk 0:07:00]} 50... Kd6
{[%clk 0:07:52]} 51. Kd4 {[%clk 0:06:58]} 51... Kc6 {[%clk 0:06:22]} 52. Nxh4 {
[%clk 0:06:36]} 52... Kb5 {[%clk 0:05:53]} 53. Kc3 {[%clk 0:06:18]} 53... Bh7 {
[%clk 0:05:49]} 54. Nf5 {[%clk 0:06:23]} 54... Bxf5 {[%clk 0:04:59]} 55. exf5 {
[%clk 0:06:44]} 55... Kc6 {[%clk 0:05:23]} 56. Kxc4 {[%clk 0:07:02]} 56... Kd6
{[%clk 0:05:41]} 57. b5 {[%clk 0:07:18]} 57... Ke5 {[%clk 0:06:02]} 58. b6 {
[%clk 0:07:31]} 58... Kxf5 {[%clk 0:06:27]} 59. b7 {[%clk 0:07:49]} 59... Kg5 {
[%clk 0:05:52]} 60. b8=Q {[%clk 0:08:08]} 60... Kf5 {[%clk 0:06:17]} 61. Kd4 {
[%clk 0:08:14]} 61... Kg5 {[%clk 0:06:37]} 62. Ke4 {[%clk 0:08:27]} 62... Kf6 {
[%clk 0:06:49]} 63. Kxf4 {[%clk 0:08:42]} 63... Ke6 {[%clk 0:07:11]} 64. Qb5 {
[%clk 0:09:00]} 64... Kd6 {[%clk 0:07:34]} 65. Ke4 {[%clk 0:09:20]} 65... Ke6 {
[%clk 0:07:56]} 66. Qb6+ {[%clk 0:09:42]} 66... Kd7 {[%clk 0:08:20]} 67. Ke5 {
[%clk 0:10:03]} 67... Ke7 {[%clk 0:08:45]} 68. Qc7+ {[%clk 0:10:22]} 68... Kf8
{[%clk 0:09:10]} 69. Kf6 {[%clk 0:10:44]} 69... Kg8 {[%clk 0:09:32]} 70. Qg7#
1-0

[Event "DEM U14w 2018"]
[Site "Willingen GER"]
[Date "2018.05.24"]
[Round "7"]
[White "Peglau, Mirjam"]
[Black "Barutta, Larissa"]
[Result "1-0"]
[Termination "normal"]
[Board "6"]
[WhiteElo "1739"]
[BlackElo "1676"]
[WhiteClock "00:17:53"]
[BlackClock "00:32:57"]
[PlyCount "117"]
[WhiteFideId "16211138"]
[BlackFideId "16222946"]
[EventCountry "GER"]
[EventRounds "9"]
[EventType "swiss"]
[EventDate "2018.05.19"]

1. d4 {[%clk 1:30:59]} 1... d5 {[%clk 1:30:53]} 2. Nf3 {[%clk 1:31:23]} 2...
Nf6 {[%clk 1:31:17]} 3. c4 {[%clk 1:31:46]} 3... c6 {[%clk 1:31:35]} 4. Nc3 {
[%clk 1:31:38]} 4... e6 {[%clk 1:31:56]} 5. Bf4 {[%clk 1:31:29]} 5... Bb4 {
[%clk 1:32:16]} 6. e3 {[%clk 1:30:46]} 6... Nbd7 {[%clk 1:32:40]} 7. Bd3 {
[%clk 1:30:10]} 7... O-O {[%clk 1:33:04]} 8. O-O {[%clk 1:30:30]} 8... Nh5 {
[%clk 1:32:00]} 9. Ng5 {[%clk 1:14:52]} 9... Nxf4 {[%clk 1:29:26]} 10. Bxh7+ {
[%clk 1:13:27]} 10... Kh8 {[%clk 1:29:45]} 11. exf4 {[%clk 1:13:50]} 11... Qf6
{[%clk 1:25:51]} 12. Bd3 {[%clk 1:07:29]} 12... Qh6 {[%clk 1:23:46]} 13. c5 {
[%clk 0:58:47]} 13... Nf6 {[%clk 1:21:37]} 14. Re1 {[%clk 0:57:01]} 14... Ba5 {
[%clk 1:21:27]} 15. Re3 {[%clk 0:56:13]} 15... e5 {[%clk 1:16:32]} 16. fxe5 {
[%clk 0:54:52]} 16... Nh5 {[%clk 1:15:53]} 17. Nh3 {[%clk 0:52:01]} 17... Bd8 {
[%clk 1:11:50]} 18. Qf3 {[%clk 0:47:30]} 18... g6 {[%clk 1:09:40]} 19. Ne2 {
[%clk 0:45:47]} 19... f5 {[%clk 1:06:37]} 20. Nef4 {[%clk 0:44:57]} 20... Ng7 {
[%clk 1:03:34]} 21. e6 {[%clk 0:42:30]} 21... Be7 {[%clk 1:03:15]} 22. g4 {
[%clk 0:41:05]} 22... g5 {[%clk 1:01:19]} 23. Ng2 {[%clk 0:39:22]} 23... f4 {
[%clk 1:01:26]} 24. Re5 {[%clk 0:33:31]} 24... Nxe6 {[%clk 1:00:54]} 25. Bf1 {
[%clk 0:25:29]} 25... Nxd4 {[%clk 1:00:28]} 26. Qc3 {[%clk 0:25:32]} 26... Nb5
{[%clk 1:00:03]} 27. Bxb5 {[%clk 0:24:55]} 27... Bf6 {[%clk 1:00:07]} 28. Bf1 {
[%clk 0:22:15]} 28... Bxg4 {[%clk 0:59:33]} 29. Nxg5 {[%clk 0:17:55]} 29...
Bxe5 {[%clk 0:56:33]} 30. Qxe5+ {[%clk 0:18:17]} 30... Qf6 {[%clk 0:56:00]} 31.
Re1 {[%clk 0:17:55]} 31... f3 {[%clk 0:52:41]} 32. Nh4 {[%clk 0:17:23]} 32...
Qxe5 {[%clk 0:51:36]} 33. Rxe5 {[%clk 0:17:07]} 33... Rg8 {[%clk 0:51:24]} 34.
Kh1 {[%clk 0:16:46]} 34... Rg7 {[%clk 0:50:15]} 35. h3 {[%clk 0:16:02]} 35...
Bd7 {[%clk 0:45:44]} 36. Nhxf3 {[%clk 0:15:45]} 36... Rf8 {[%clk 0:44:17]} 37.
Bg2 {[%clk 0:14:01]} 37... Rf4 {[%clk 0:43:03]} 38. Bf1 38... Ra4 { [%clk
0:40:28]} 39. a3 {[%clk 0:09:10]} 39... Ra5 {[%clk 0:40:44]} 40. Nd4 { [%clk
0:05:13]} 40... b6 {[%clk 0:36:49]} 41. cxb6 {[%clk 0:04:52]} 41... axb6 {[%clk
0:36:47]} 42. Nge6 {[%clk 0:03:23]} 42... Rf7 {[%clk 0:32:26]} 43. Kg2 { [%clk
0:02:45]} 43... Ra8 {[%clk 0:30:47]} 44. Rh5+ {[%clk 0:00:37]} 44... Rh7 {[%clk
0:29:44]} 45. Rxh7+ {[%clk 0:30:17]} 45... Kxh7 {[%clk 1:00:05]} 46. f4 {[%clk
0:28:12]} 46... Ra7 {[%clk 0:55:40]} 47. Kg3 {[%clk 0:27:36]} 47... Kg8 {[%clk
0:55:05]} 48. f5 {[%clk 0:27:16]} 48... c5 {[%clk 0:53:15]} 49. Nb5 { [%clk
0:26:57]} 49... Ra4 {[%clk 0:52:02]} 50. Nbc7 {[%clk 0:23:23]} 50... Bc6 {[%clk
0:44:14]} 51. Nd8 {[%clk 0:22:41]} 51... Ra7 {[%clk 0:42:28]} 52. Nxc6 { [%clk
0:22:48]} 52... Rxc7 {[%clk 0:42:46]} 53. Ne5 {[%clk 0:22:35]} 53... c4 { [%clk
0:39:53]} 54. Kf4 {[%clk 0:18:58]} 54... c3 {[%clk 0:35:36]} 55. bxc3 { [%clk
0:19:17]} 55... Rxc3 {[%clk 0:35:56]} 56. f6 {[%clk 0:19:35]} 56... Rxa3 {[%clk
0:35:12]} 57. f7+ {[%clk 0:19:41]} 57... Kf8 {[%clk 0:33:28]} 58. h4 { [%clk
0:19:40]} 58... Ra4+ {[%clk 0:32:57]} 59. Kf5 {[%clk 0:17:53]} 1-0

[Event "DEM U14w 2018"]
[Site "Willingen GER"]
[Date "2018.05.24"]
[Round "7"]
[White "Liu, Sijia Anna"]
[Black "Kunisch, Nina"]
[Result "1/2-1/2"]
[Termination "normal"]
[Board "7"]
[WhiteElo "1748"]
[BlackElo "1704"]
[WhiteClock "00:02:09"]
[BlackClock "00:00:56"]
[PlyCount "72"]
[WhiteFideId "12989746"]
[BlackFideId "12982849"]
[EventCountry "GER"]
[EventRounds "9"]
[EventType "swiss"]
[EventDate "2018.05.19"]

1. e4 {[%clk 1:30:58]} 1... c5 {[%clk 1:30:53]} 2. Nf3 {[%clk 1:31:19]} 2... g6
{[%clk 1:31:12]} 3. d4 {[%clk 1:31:24]} 3... cxd4 {[%clk 1:31:33]} 4. Nxd4 {
[%clk 1:31:26]} 4... Nc6 {[%clk 1:31:14]} 5. Nc3 {[%clk 1:30:58]} 5... Bg7 {
[%clk 1:31:29]} 6. Be3 {[%clk 1:30:35]} 6... Nf6 {[%clk 1:31:14]} 7. Bc4 {
[%clk 1:29:37]} 7... Qa5 {[%clk 1:30:27]} 8. O-O {[%clk 1:27:15]} 8... O-O {
[%clk 1:29:42]} 9. h3 {[%clk 1:24:43]} 9... Nxd4 {[%clk 1:21:55]} 10. Qxd4 {
[%clk 1:17:02]} 10... d6 {[%clk 1:16:47]} 11. Bb3 {[%clk 1:10:58]} 11... Ng4 {
[%clk 1:12:48]} 12. Qd2 {[%clk 1:08:25]} 12... Bxc3 {[%clk 1:05:49]} 13. bxc3 {
[%clk 1:06:35]} 13... Nxe3 {[%clk 1:06:00]} 14. Qxe3 {[%clk 1:06:14]} 14... Bd7
{[%clk 1:04:16]} 15. Rad1 {[%clk 1:00:10]} 15... Bc6 {[%clk 0:54:25]} 16. Kh1 {
[%clk 0:53:43]} 16... Rac8 {[%clk 0:42:30]} 17. f4 {[%clk 0:47:29]} 17... b6 {
[%clk 0:33:01]} 18. f5 {[%clk 0:42:02]} 18... Bb5 {[%clk 0:29:33]} 19. Rf3 {
[%clk 0:37:47]} 19... Bc4 {[%clk 0:25:48]} 20. a4 {[%clk 0:31:04]} 20... Qc5 {
[%clk 0:18:21]} 21. Bxc4 {[%clk 0:25:18]} 21... Qxc4 {[%clk 0:16:33]} 22. Rd4 {
[%clk 0:17:40]} 22... Qa2 {[%clk 0:13:57]} 23. Qd2 {[%clk 0:13:52]} 23... Rc4 {
[%clk 0:12:39]} 24. f6 {[%clk 0:12:18]} 24... exf6 {[%clk 0:07:14]} 25. Rxf6 {
[%clk 0:12:13]} 25... Qxa4 {[%clk 0:06:42]} 26. Rfxd6 {[%clk 0:11:59]} 26...
Rxd4 {[%clk 0:07:02]} 27. Rxd4 {[%clk 0:11:41]} 27... Qc6 {[%clk 0:06:47]} 28.
c4 {[%clk 0:10:36]} 28... Re8 {[%clk 0:06:24]} 29. Qd3 {[%clk 0:10:28]} 29...
a5 {[%clk 0:05:47]} 30. Rd8 {[%clk 0:04:51]} 30... Rxd8 {[%clk 0:05:02]} 31.
Qxd8+ {[%clk 0:05:12]} 31... Kg7 {[%clk 0:05:26]} 32. Qd4+ {[%clk 0:04:48]}
32... Qf6 {[%clk 0:04:32]} 33. e5 {[%clk 0:03:59]} 33... Qe6 {[%clk 0:04:11]}
34. c5 {[%clk 0:03:58]} 34... b5 {[%clk 0:03:28]} 35. Qc3 {[%clk 0:03:03]}
35... b4 {[%clk 0:01:34]} 36. Qa1 {[%clk 0:02:09]} 36... Qa6 {[%clk 0:00:56]}
1/2-1/2

[Event "DEM U14w 2018"]
[Site "Willingen GER"]
[Date "2018.05.24"]
[Round "7"]
[White "Wagner, Victoria"]
[Black "Khamenya, Vitalia"]
[Result "0-1"]
[Termination "normal"]
[Board "8"]
[WhiteElo "1700"]
[BlackElo "1792"]
[WhiteClock "00:25:40"]
[BlackClock "00:27:20"]
[PlyCount "84"]
[WhiteFideId "16232348"]
[BlackFideId "12959260"]
[EventCountry "GER"]
[EventRounds "9"]
[EventType "swiss"]
[EventDate "2018.05.19"]

1. e4 {[%clk 1:30:58]} 1... c5 {[%clk 1:30:53]} 2. Nf3 {[%clk 1:31:21]} 2... d6
{[%clk 1:31:17]} 3. d4 {[%clk 1:31:44]} 3... cxd4 {[%clk 1:31:42]} 4. Nxd4 {
[%clk 1:32:08]} 4... Nf6 {[%clk 1:32:08]} 5. Nc3 {[%clk 1:32:30]} 5... g6 {
[%clk 1:32:34]} 6. Be3 {[%clk 1:32:33]} 6... Bg7 {[%clk 1:33:00]} 7. f3 { [%clk
1:32:45]} 7... a6 {[%clk 1:33:23]} 8. Qd2 {[%clk 1:32:03]} 8... b5 { [%clk
1:33:35]} 9. g4 {[%clk 1:27:36]} 9... Bb7 {[%clk 1:33:53]} 10. h4 { [%clk
1:20:36]} 10... h5 {[%clk 1:34:03]} 11. g5 {[%clk 1:14:38]} 11... Nfd7 { [%clk
1:32:34]} 12. a3 {[%clk 1:12:29]} 12... Nb6 {[%clk 1:31:23]} 13. f4 { [%clk
1:07:56]} 13... N8d7 {[%clk 1:27:05]} 14. Bd3 {[%clk 1:02:54]} 14... Nc5 {[%clk
1:23:20]} 15. Bf2 {[%clk 0:56:41]} 15... Rc8 {[%clk 1:07:08]} 16. Rg1 { [%clk
0:50:34]} 16... e5 {[%clk 1:02:37]} 17. fxe5 {[%clk 0:46:22]} 17... dxe5 {[%clk
0:57:35]} 18. Nf3 {[%clk 0:42:20]} 18... O-O {[%clk 0:54:26]} 19. Bg3 { [%clk
0:38:22]} 19... Re8 {[%clk 0:54:10]} 20. Rf1 {[%clk 0:34:51]} 20... Nxd3+
{[%clk 0:50:38]} 21. cxd3 {[%clk 0:34:34]} 21... Nd7 {[%clk 0:46:17]} 22. Bf2 {
[%clk 0:29:17]} 22... Nc5 {[%clk 0:43:27]} 23. Bxc5 {[%clk 0:28:46]} 23... Rxc5
{[%clk 0:43:47]} 24. Qe3 {[%clk 0:27:33]} 24... Rc7 {[%clk 0:39:59]} 25. Kf2 {
[%clk 0:21:43]} 25... Bf8 {[%clk 0:38:30]} 26. Kg2 {[%clk 0:20:24]} 26... Bc5 {
[%clk 0:35:33]} 27. Qe2 {[%clk 0:18:54]} 27... Rd7 {[%clk 0:31:30]} 28. Rfd1 {
[%clk 0:16:57]} 28... Bd4 {[%clk 0:20:46]} 29. Nxd4 {[%clk 0:14:49]} 29... Rxd4
{[%clk 0:19:49]} 30. Rd2 {[%clk 0:12:15]} 30... Re6 {[%clk 0:17:35]} 31. Kg1 {
[%clk 0:09:27]} 31... Bc6 {[%clk 0:05:04]} 32. Rc1 {[%clk 0:05:19]} 32... a5 {
[%clk 0:04:01]} 33. Rcd1 {[%clk 0:03:53]} 33... b4 {[%clk 0:04:02]} 34. axb4 {
[%clk 0:03:43]} 34... axb4 {[%clk 0:04:31]} 35. Nb1 {[%clk 0:03:54]} 35... Red6
{[%clk 0:03:21]} 36. Kf2 {[%clk 0:02:47]} 36... Ba4 {[%clk 0:03:28]} 37. Rc1 {
[%clk 0:02:28]} 37... Bb5 {[%clk 0:01:28]} 38. Rcd1 {[%clk 0:01:09]} 38... Bxd3
{[%clk 0:01:10]} 39. Rxd3 {[%clk 0:01:07]} 39... Rxd3 {[%clk 0:01:30]} 40. Rxd3
{[%clk 0:01:25]} 40... Rxd3 {[%clk 0:01:58]} 41. Qc2 {[%clk 0:30:21]} 41...
Qd4+ {[%clk 0:27:08]} 42. Kg2 {[%clk 0:25:40]} 42... Qxe4+ {[%clk 0:27:20]} 0-1

[Event "DEM U14w 2018"]
[Site "Willingen GER"]
[Date "2018.05.24"]
[Round "7"]
[White "Pavlov, Liliane"]
[Black "Prudlik, Elisa"]
[Result "1/2-1/2"]
[Termination "normal"]
[Board "9"]
[WhiteElo "1605"]
[BlackElo "1286"]
[WhiteClock "00:36:47"]
[BlackClock "00:09:14"]
[PlyCount "103"]
[WhiteFideId "16225449"]
[BlackFideId "16209915"]
[EventCountry "GER"]
[EventRounds "9"]
[EventType "swiss"]
[EventDate "2018.05.19"]

1. e4 {[%clk 1:30:57]} 1... e5 {[%clk 1:30:54]} 2. Nf3 {[%clk 1:31:21]} 2...
Nc6 {[%clk 1:31:17]} 3. d4 {[%clk 1:31:45]} 3... exd4 {[%clk 1:29:38]} 4. Bc4 {
[%clk 1:31:49]} 4... Bc5 {[%clk 1:28:31]} 5. c3 {[%clk 1:31:53]} 5... Nf6 {
[%clk 1:26:27]} 6. cxd4 {[%clk 1:30:00]} 6... Bb4+ {[%clk 1:25:09]} 7. Nc3 {
[%clk 1:25:25]} 7... Nxe4 {[%clk 1:14:29]} 8. O-O {[%clk 1:24:51]} 8... Bxc3 {
[%clk 1:14:30]} 9. bxc3 {[%clk 1:24:52]} 9... d5 {[%clk 1:13:28]} 10. Bb5 {
[%clk 1:24:19]} 10... O-O {[%clk 1:12:52]} 11. Qc2 {[%clk 1:23:16]} 11... a6 {
[%clk 1:10:26]} 12. Bxc6 {[%clk 1:22:29]} 12... bxc6 {[%clk 1:10:40]} 13. Ne5 {
[%clk 1:22:15]} 13... c5 {[%clk 1:10:24]} 14. f3 {[%clk 1:22:14]} 14... Nd6 {
[%clk 1:06:44]} 15. dxc5 {[%clk 1:21:36]} 15... Nc4 {[%clk 1:01:28]} 16. Nxc4 {
[%clk 1:19:28]} 16... dxc4 {[%clk 1:01:52]} 17. Ba3 {[%clk 1:18:51]} 17... Qd3
{[%clk 0:55:55]} 18. Qxd3 {[%clk 1:13:16]} 18... cxd3 {[%clk 0:56:18]} 19. Rad1
{[%clk 1:13:34]} 19... Rd8 {[%clk 0:54:38]} 20. Rd2 {[%clk 1:13:12]} 20... a5 {
[%clk 0:54:37]} 21. Re1 {[%clk 1:12:22]} 21... Ba6 {[%clk 0:54:29]} 22. Re7
22... c6 {[%clk 0:53:55]} 23. Re4 {[%clk 1:09:34]} 23... Re8 {[%clk 0:52:18]}
24. Rxe8+ {[%clk 1:04:14]} 24... Rxe8 {[%clk 0:52:37]} 25. Kf2 {[%clk 1:04:35]}
25... Re2+ {[%clk 0:52:20]} 26. Rxe2 {[%clk 1:04:56]} 26... dxe2 { [%clk
0:52:44]} 27. Bc1 {[%clk 1:05:13]} 27... f5 {[%clk 0:44:23]} 28. a4 { [%clk
1:03:14]} 28... Kf7 {[%clk 0:43:59]} 29. Bd2 {[%clk 1:02:16]} 29... Ke6 { [%clk
0:44:13]} 30. c4 {[%clk 1:00:37]} 30... Bxc4 {[%clk 0:43:04]} 31. Bxa5 { [%clk
1:00:48]} 31... Bb3 {[%clk 0:41:49]} 32. Kxe2 {[%clk 1:00:38]} 32... Bxa4
{[%clk 0:41:48]} 33. Bc7 {[%clk 0:59:23]} 33... Kd5 {[%clk 0:39:14]} 34. Bd6 {
[%clk 0:59:13]} 34... g6 {[%clk 0:39:25]} 35. Ke3 {[%clk 0:59:20]} 35... Ke6 {
[%clk 0:37:57]} 36. h4 {[%clk 0:57:06]} 36... Kf7 {[%clk 0:35:50]} 37. Kf4 {
[%clk 0:55:09]} 37... Bb3 {[%clk 0:29:15]} 38. Kg5 {[%clk 0:53:33]} 38... Bd5 {
[%clk 0:28:23]} 39. h5 {[%clk 0:53:32]} 39... Be6 {[%clk 0:25:40]} 40. Kh6 {
[%clk 0:48:17]} 40... Kf6 {[%clk 0:14:22]} 41. Kxh7 {[%clk 0:46:05]} 41... gxh5
{[%clk 0:14:14]} 42. Kh6 {[%clk 0:44:32]} 42... Bf7 {[%clk 0:14:11]} 43. Bf8 {
[%clk 0:41:23]} 43... Be8 {[%clk 0:10:21]} 44. Bg7+ {[%clk 0:39:00]} 44... Ke6
{[%clk 0:09:15]} 45. Kg5 {[%clk 0:39:02]} 45... Bf7 {[%clk 0:08:57]} 46. g3 {
[%clk 0:37:29]} 46... Be8 {[%clk 0:08:34]} 47. g4 {[%clk 0:37:28]} 47... hxg4 {
[%clk 0:08:52]} 48. fxg4 {[%clk 0:37:48]} 48... fxg4 {[%clk 0:09:16]} 49. Kxg4
{[%clk 0:38:11]} 49... Kd5 {[%clk 0:09:41]} 50. Bf8 {[%clk 0:38:20]} 50... Bd7+
{[%clk 0:09:38]} 51. Kg5 {[%clk 0:37:57]} 51... Bc8 {[%clk 0:09:14]} 52. Kf6 {
[%clk 0:36:47]} 1/2-1/2